000 00395pab a2200157 454500
008 180718b1996 xxu||||| |||| 00| 0 eng d
100 _aKabra, Kamal Nayan
245 _aMinimum basic services: lessons from the past
260 _c1996
300 _ap.17-19
362 _aOct-Nov
650 _aPublic utilities - India
650 _aSocial welfare
773 _aKurukshetra
909 _a32860
999 _c32860
_d32860